000 00391nam a2200169Ia 4500
008 210210b1950 xxu||||| |||| 00| 0 eng d
041 _aeng
082 _a829/206
100 _aCROMPTON (R)
245 _aWilliam the fourth
260 _aLondon
_bGeorge Newnes Limited
_c1950
650 _aWilliam
650 _athe
650 _afourth
690 _aEnglish Fiction
906 _a016813
999 _c136509
_d136509